01420 a2200229 4500003000500000005001700005010001700022020001500039040000900054082001600063245013100079260011500210300003500325505066000360600002101020650002501041650002901066650002801095700002201123700002401145700002101169NUST20221206134442.0 a 78011370  a0470265671 cNust00a156.315,MEC00aMechanisms of learning and motivation :ba memorial volume to Jerzy Konorski /cedited by Anthony Dickinson, Robert A. Boakes. aHillsdale, N.J. :bL. Erlbaum Associates ;aNew York :bdistributed by Halsted Press Division of Wiley,c1979. axiii, 468 p. :bill. ;c24 cm. aJerzy Konorski and Western Psychology (Page-1), Classical Conditioning as the Formation Interstimulus Association Stimulus Substitution Parasitic Reinforcement and Auto shaping (Page-19), Habituations and Memory (Page-53), Condition Inhibition and Fxtinction (Page-83), Brain Processes and Conditioning Motivational Processes (Page-171), Appetitive Aversive nitration and Inhibitory Processes (Page-203), Interactions Between type I and Type II Processes Involving Positive Reinforcements (Page-233), Selective Associations (Page-367), Constraints of Conditioning in the Writings of Konorski (Page-399), Cognitive Processes in Conditioning (Page-417).10aKonorski, Jerzy. 0aLearning in animals. 0aLearning, Psychology of. 0aMotivation (Psychology)1 aBoakes, Robert A.1 aDickinson, Anthony.1 aKonorski, Jerzy.